|
|
|
|
| LEADER |
00000nam a2200000 4500 |
| 001 |
vtls012078575 |
| 003 |
SK-MaSNL |
| 005 |
20260301104414.0 |
| 008 |
251001s1963 xr al drp 000 0 cze |
| 015 |
|
|
|a SNBA1963
|
| 020 |
|
|
|q (viazané)
|
| 035 |
|
|
|a urn:nbn:sk:snk-am00icn6
|
| 035 |
|
|
|a 1667511D-86F5-485E-9B0E-77C5753F4791
|
| 040 |
|
|
|a SNK
|b slo
|c SNK
|e rda
|
| 041 |
0 |
|
|a cze
|a ger
|
| 044 |
|
|
|a xr
|c CZ
|
| 072 |
|
7 |
|a 811.112.2
|x Nemčina
|2 konspekt
|
| 072 |
|
7 |
|a 37.016
|x Učebné osnovy. Vyučovacie predmety. Učebnice
|2 konspekt
|
| 080 |
|
|
|a 811.112.2
|2 2011
|
| 080 |
|
|
|a (075.3)
|2 2011
|
| 100 |
1 |
|
|a Jungwirth, Karel,
|d 1913-1978
|4 aut
|9 114532
|
| 245 |
1 |
0 |
|a Němčina pro II. roč. středních ekonomických škol
|c Karel Jungwirth, Jarmila Krausová, Zdeněk Valta
|
| 250 |
|
|
|a Vydání I.
|
| 264 |
|
1 |
|a Praha
|b Státní pedagogické nakladatelství
|c 1963
|
| 300 |
|
|
|a 182 strán
|b ilustrácie, tabuľky
|c 21 cm
|
| 336 |
|
|
|a text
|b txt
|2 rdacontent
|
| 337 |
|
|
|a bez média
|b n
|2 rdamedia
|
| 338 |
|
|
|a zväzok
|b nc
|2 rdacarrier
|
| 366 |
|
|
|e 8080 kusov
|
| 500 |
|
|
|a Obsahuje nemecko-český a česko-nemecký slovník
|
| 650 |
0 |
7 |
|a nemčina
|2 SNKPH
|9 1384
|
| 650 |
0 |
7 |
|a German language
|2 SNKPHeng
|9 278149
|
| 655 |
|
7 |
|a učebnice stredných škôl
|2 SNKPH
|9 69323
|
| 655 |
|
7 |
|a Textbooks (secondary)
|2 SNKPHeng
|9 276359
|
| 700 |
1 |
|
|a Krausová, Jarmila
|4 aut
|9 443087
|
| 700 |
1 |
|
|a Valta, Zdeněk
|4 aut
|9 443088
|
| 852 |
|
|
|a Slovenská národná knižnica
|
| 954 |
|
|
|a odborná, vedecká literatúra cudzojazyčná (svetová)
|2 lita
|
| 958 |
|
|
|a EUIPO
|
| 958 |
|
|
|a OND
|
| 999 |
|
|
|c 698014
|d 699944
|
| 952 |
|
|
|a SNK
|b SNK
|y PREZ
|7 0
|p 17A0806946
|o snkSC 18532
|i snkKSP 481/64
|0 0
|1 0
|4 0
|d 2021-11-24
|f 1
|l 0
|r 2025-07-25 00:00:00
|w 2026-02-23
|